| 000 | 00976naa a22002171i 4500 | ||
|---|---|---|---|
| 001 | 872 | ||
| 003 | KOSZ 005 | ||
| 005 | 20180425140757.0 | ||
| 008 | 160105s1996 pl | f |000 ||eng d | ||
| 040 |
_cBPK _aKOSZ 005/ac |
||
| 041 | _aeng | ||
| 044 | _aPOL | ||
| 080 | _a632 | ||
| 100 |
_aSAS-PIOTROWSKA, Bronisława. _d1996 - . _bPolitechnika Koszalińska - Wydział Mechaniczny, _cKatedra Biologicznych Podstaw Rolnictwa |
||
| 245 | 1 | 0 |
_aThe growth and development of potato pathogens on the media with extracts from Polygonaceae plants. _n1, _pPathogens causing dry leaf-spot disease / _cBarbara Sas-Piotrowska, Wojciech Piotrowski, M. Misiak. |
| 500 | _aDane z bibliografii załącznikowej. | ||
| 650 | 0 | _aRośliny - ochrona. | |
| 700 | 1 |
_aPIOTROWSKI, Wojciech. _d1996 - . _bPolitechnika Koszalińska - Wydział Mechaniczny, _cKatedra Biologicznych Podstaw Rolnictwa |
|
| 773 | 0 |
_iW : _tPhytopathologia Polonica. - _g1996, nr 11, s. 103-109 |
|
| 942 |
_cART _2UKD |
||
| 999 |
_c872 _d872 |
||